| 000 -LEADER |
| fixed length control field |
00796nam a2200229Ia 4500 |
| 001 - CONTROL NUMBER |
| control field |
9156 |
| 003 - CONTROL NUMBER IDENTIFIER |
| control field |
GE_BSU |
| 008 - FIXED-LENGTH DATA ELEMENTS--GENERAL INFORMATION |
| fixed length control field |
181216s||||||||xx |||||||||||||| ||und|| |
| 020 ## - INTERNATIONAL STANDARD BOOK NUMBER |
| Terms of availability |
ბიბლიოგრ:გვ;624-627 |
| 040 ## - CATALOGING SOURCE |
| Transcribing agency |
GE_BSU |
| 080 ## - UNIVERSAL DECIMAL CLASSIFICATION NUMBER |
| Universal Decimal Classification number |
821.353.1+821.353.1-31 |
| 100 ## - MAIN ENTRY--PERSONAL NAME |
| Personal name |
ლისაშვილი,იაკინთე |
| 245 ## - TITLE STATEMENT |
| Title |
თხზულებანი:ოთხ ტომად. ტ.4 |
| 245 ## - TITLE STATEMENT |
| Remainder of title |
ტ:4:თხზულებანი:რომანი |
| 245 ## - TITLE STATEMENT |
| Statement of responsibility, etc. |
რედ:ც.ქაროსანიძე;მხატვ:დ.დუნდუა |
| 260 ## - PUBLICATION, DISTRIBUTION, ETC. |
| Place of publication, distribution, etc. |
თბილისი. |
| 260 ## - PUBLICATION, DISTRIBUTION, ETC. |
| Name of publisher, distributor, etc. |
მერანი. |
| 260 ## - PUBLICATION, DISTRIBUTION, ETC. |
| Date of publication, distribution, etc. |
1977 |
| 300 ## - PHYSICAL DESCRIPTION |
| Extent |
631გვ;21სმ |
| 653 ## - INDEX TERM--UNCONTROLLED |
| Uncontrolled term |
თხზულებანი:რომანი |
| 942 ## - ADDED ENTRY ELEMENTS (KOHA) |
| Koha item type |
წიგნი |